Quizzes
Events
Quiz Creation
Community
Videos
Private Events
Remove Ads
Sign In
Join for FREE
Feedback
Dark Mode
Quiz Categories
Sports
Geography
Music
Movies
Television
Just For Fun
Miscellaneous
History
Literature
Language
Science
Gaming
Entertainment
Religion
Holiday
For Kids
Quiz Lab
Recent
Popular Today
Quiz Kudos Today
Editor Picks
Curator Picks
Quizzes by...
Day
Popularity
Type
Ratings
Length
Year
Community
Subscriptions
Recent Discussions
Orange Saloon
Badges
Playlists
Quests
Create
Leaderboards
Showdown
Live 5
Trivia Bingo
Activity
Puzzle Library
Sporcle Events
Private Events
Virtual Trivia
Globe League
Become a Host
Pub Owners
SporcleCon
Opinionation
Our Games
Videos
Blog
Mobile Apps
Partnerships
Remove Ads and Go Orange
Feedback
Music
Pop Music
The Beatles
Song
Album
Lyrics
Bands
Singers
Artist
Clip
Rock
Rap
Classical
Billboard
Country Music
Kpop
Taylor Swift
Music
Pop Music
The Beatles
Song
Album
Lyrics
Bands
Singers
Artist
Clip
Rock
Rap
Classical
Billboard
Country Music
Kpop
Taylor Swift
Random Quiz
Search Sporcle
×
Quiz Lab
Quiz Lab
Music
Artist
Type in answers that appear in a list
Type in answers that appear in a list
Classic
Best Score? Go Orange.
Name the Kpop Songs Stats
Can you name the kpop songs by various artists??
By
SpadeKing
10m
97 Questions
287 Plays
287 Plays
287 Plays
Comments
Comments
Give Quiz Kudos
Give Quiz Kudos
-
- Ratings
hide this ad
Replay
Link that replays current quiz
Next Quiz
Link to next quiz in quiz playlist
You Got
0%
They Got
Avg Score
19%
Avg Friend Score
Upgrade to see
Score Distribution
Jump to the score distribution portion of the page
Score
0/97
Timer
10:00
0
Plays Today
% Correct
Gee
65.9%
Sorry (Dear Daddy)
63.4%
Sorry Sorry
58.5%
Mr. Simple
56.8%
Oh!
55.1%
The Boys
51.9%
Genie
51.6%
Lucifer
49.8%
Run Devil Run
48.8%
Ring Ding Dong
43.6%
Hoot
39%
fire
37.6%
I Am The Best
35.5%
A-cha
33.1%
Chu
32.8%
Tonight
32.1%
Nu ABO
31.7%
Into The New World
31%
Danger
31%
Mr. Taxi
29.6%
Hot Summer
29.3%
La cha ta
28.9%
Ugly
28.9%
Step
27.2%
Lonely
26.1%
Hands Up
26.1%
Mister
24.7%
It's You
24%
Roly Poly
23.7%
Abracadabra
23%
Super Man
23%
Hot Issue
22.6%
Again and Again
22.6%
% Correct
Kissing You
22%
Hate You
21.6%
Heartbeat
20.9%
Can't Nobody
20.2%
Girls' Generation
19.9%
Bo Peep Bo Peep
19.9%
Juliette
19.9%
Nobody
19.5%
Cry Cry
19.2%
Muzik
19.2%
Chocolate Love
18.5%
Chocolate Love
18.5%
Lupin
17.8%
I'll Be Back
17.4%
HuH
17.1%
Be My Baby
16.7%
Lollipop
15.3%
Sixth Sense
14.3%
So Cool
14.3%
Visual Dreams
13.9%
Sign
13.2%
Magic
13.2%
Yayaya
12.5%
Madonna
12.5%
Bubble Pop
11.8%
I My Me Mine
11.1%
Try To Follow Me
11.1%
Wanna
10.8%
Change
10.5%
Why are you being like this?
10.1%
Love Is Move
9.8%
Way To Go!
9.1%
I go crazy because of you
8.7%
% Correct
Starlight Moonlight
8.4%
Hurricane Venus
8.4%
Mr. Boogie
7.7%
Ice Cream
7.3%
Copy And Paste
7.3%
Etude
6.3%
Top Girl
6.3%
I want you back
6.3%
Cleansing Cream
5.9%
I'm Busy
5.6%
Eat You up
5.2%
Oops
4.9%
Bananas
4.2%
I'm Your Man
4.2%
Like the first time
3.8%
My Heaven
3.5%
Take Off
3.5%
Stop!
3.1%
Bonomana
3.1%
Trick
2.8%
This Love
2.8%
My Name
2.8%
Dangerous
2.4%
Syndrome
2.4%
Me+U
2.1%
Attention
2.1%
Hot Place
2.1%
Downtown
1.7%
Me, In
1.7%
Ultra Lover
1.7%
Suprise Party
1.4%
Quiz Playlist
Details
Report
Send in Message
Add To Playlist
Classic:
Type in answers that appear in a list
Last Updated: Feb 16, 2017
Quiz Scoreboard
CHALLENGE
Sign Up to Join the Scoreboard
Show All
Scores
Hide
Comments
May contain spoilers
Recently Published
TV Characters by Other Roles V
by ghcgh
Television
5m
Decade Duel: World Leaders
by jenniferyan
History
4m
Alphabetical 'K' Countries by Flag Minefield
by ylime102
Geography
3m
More to Explore
Quiz From the Vault
Featured Blog Post
15 Basketball Trivia Facts You Can Be March Mad About
hide this ad
You Might Also Like...
Tags
Artist Quiz
Kpop Quiz
Song Quiz
Today's Top Quizzes in Music
Browse Music
hide this ad
Today's Top Quizzes in Artist
Browse Artist
Top Contributed Quizzes in Music
1
Taylor Swift All Songs (2024)
2
Decade Duel: Singer
3
Taylor Swift Logic Puzzle
4
KPOP LOGIC QUIZ
5
Guess the Taylor Swift song (Mystery Song)
6
Guess The Taylor Swift Lyrics Song #1
7
A Taylor Swift Logic Puzzle
8
kpop group name match up
9
2 word kpop group match
10
Madness Songs By Image
Explore More
Trending Topics
Disney
Anime
Harry Potter
Kpop
Crossword
Marvel
NBA
Puzzle
WWE
NFL
Country
Song
The Office
Pokémon
Soccer
hide this ad
More By:
SpadeKing
Quiz
Plays
Rating
Category
Featured
Created
Guess the Kpop groups by leader
1,671
3.20
Music
Jan 14, 2012
Name the Kpop Songs
287
1.40
Music
Jan 14, 2012
Go to Creator's Profile
Score Distribution
Quiz Creator Spotlight
SpadeKing
Follow
Send a Message
Quizzes Created
-
Created Quiz Play Count
-
More By This Creator
Popular Quizzes Today
1
Countries of Asia Without Outlines Minefield
2
Find the US States - No Outlines Minefield
3
Pick 6: Fruits
4
The Countries of the World
5
Alphabetical 'K' Countries by Flag Minefield
6
Find the Countries of Europe - No Outlines Minefield
7
US States
8
Find the US States
More Music Quizzes
Who's that BTS member?
Quiz Lab
Trending Quizzes
Pick 6: Mountains
Pick 6: Harry Potter
Pick 6: Flags
Pick 6: NFL Teams
Pick 6: Movie Franchises
Recently Updated
Adaptations: Name the Title
pecheneg
NWSL Teams
pecheneg
Women's Final Four Teams by Year
bhenderson79
Presidents Quartet II
eogle
Anything But Clue(do)
eogle
Anything But Oceanian Capitals
eogle
Anything But 7
eogle
Anything But Thing
eogle
Word Ladder: February 29
pecheneg
Song Title Questions
pecheneg
Trending Topics
Crossword
Harry Potter
Anime
Marvel
Disney
Kpop
NBA
Song
Soccer
Country
The Office
Puzzle
WWE
Pokémon
NFL
Your Account Isn't Verified!
In order to create a playlist on Sporcle, you need to verify the email address you used during registration. Go to your
Sporcle Settings
to finish the process.
Report this User
Report this user for behavior that violates our
Community Guidelines
.
Details:
Send Report
Go to the Sporcle.com Mobile Site →
Comments